Towards a new social work /

Bibliographic Details
Other Authors: Jones, Howard, 1918-2007
Format: Book
Language:English
Published: London ; Boston : Routledge and Kegan Paul, 1975.
Series:Library of social work.
Subjects:

MARC

Tag First Indicator Second Indicator Subfields
LEADER 00000cam a2200000 i 4500
001 in00000508521
005 20151013061933.0
008 750523s1975 enk b 00000 eng
010 |a  75313427  
015 |a GB75-05504 
020 |a 071008045X :  |c 3.95. 
020 |a 0710080468 (pbk.) 
035 |a (OCoLC)01449919 
035 |9 ACD1590AM 
040 |a DLC  |c DLC  |d TXA  |d UtOrBLW 
049 |a TXAM  |c [1415389] 
050 0 0 |a HV10.5  |b .T655 
082 0 |a 361/.941 
245 0 0 |a Towards a new social work /  |c edited by Howard Jones. 
264 1 |a London ;  |a Boston :  |b Routledge and Kegan Paul,  |c 1975. 
300 |a viii, 176 pages ;  |c 23 cm. 
336 |a text  |b txt  |2 rdacontent 
337 |a unmediated  |b n  |2 rdamedia 
338 |a volume  |b nc  |2 rdacarrier 
490 1 |a Library of social work 
504 |a Includes bibliographical references. 
650 0 |a Social service  |x Vocational guidance. 
650 0 |a Social service. 
700 1 |a Jones, Howard,  |d 1918-2007. 
830 0 |a Library of social work. 
999 |a MARS 
999 f f |s 73104175-93df-3979-882c-bb8b29f2dcb8  |i 6040a807-f5df-3fcf-9621-a9979899d6fe  |t 0 
952 f f |p ric  |a Texas A&M University  |b Rellis Campus  |c Joint Library Facility  |d Remote Storage  |t 0  |e HV10.5 .T655  |h Library of Congress classification  |i unmediated -- volume  |m A14803008096 
998 f f |a HV10.5 .T655  |t 0  |l Remote Storage